JNPM (Jurnal Nasional Pendidikan Matematika) | Prodi Pendidikan Matematika

Detalles Bibliográficos
Formato: Electrónico Revista
Idioma:English
Publicado: Cambridge University Press
Acceso en liña:Full text available on Research4Life (HINARI,AGORA,OARE,ARDI & GOALI)
LEADER 00784cas a2200181 a 4500
001 AALejournalResearch4Life014232
008 240902c9999 xx r poo 0 0eng d
022 |a 25494937 
022 |a 25498495 
040 |a BD-DhAAL  |c BD-DhAAL 
245 0 0 |h [electronic resource]  |a JNPM (Jurnal Nasional Pendidikan Matematika) | Prodi Pendidikan Matematika 
260 |b Cambridge University Press 
300 |a 1 online resource 
362 0 |a 2017 - current issue 
500 |a <strong>On-Campus Access Only (IP based access)</strong> 
506 |a Electronic access restricted to authorized BRAC University faculty, staff and students 
538 |a Mode of access: Internet 
856 4 0 |z Full text available on Research4Life (HINARI,AGORA,OARE,ARDI & GOALI)  |u http://jurnal.ugj.ac.id/index.php/JNPM/index